| 000 | 00695cam a22002651 4500 | ||
|---|---|---|---|
| 001 | 6597856 | ||
| 003 | OSt | ||
| 005 | 20180116183027.0 | ||
| 008 | 731129s1966 xx 000 0 eng | ||
| 010 | _a 66023575 | ||
| 022 | _20 | ||
| 035 | _a(OCoLC)751717 | ||
| 040 |
_aDLC _cOCoD _dOCoLC _dDLC |
||
| 042 | _apremarc | ||
| 050 | 0 | 0 |
_aPZ3.S7544 _bBu _aPS3569.P464 |
| 082 | _a813.54 SPI 1966 | ||
| 100 | 1 |
_aSpicer, Bart, _d1918- |
|
| 245 | 1 | 4 |
_aThe Burned Man. _cSpicer, Bart, |
| 250 | _aFirst edition. | ||
| 260 |
_aNew York, _bAtheneum, _c1966. |
||
| 300 |
_a247 p. _c22cm. _bPB |
||
| 440 | _aThe Burned Man. | ||
| 906 |
_a7 _bcbc _coclcrpl _du _encip _f19 _gy-gencatlg |
||
| 942 |
_2ddc _cBK |
||
| 999 |
_c350853 _d350853 |
||